header

The Interfaces (Record no. 7805)

MARC details
000 -LEADER
fixed length control field 01401nam a2200337Ia 4500
001 - CONTROL NUMBER
control field ebr10023474
003 - CONTROL NUMBER IDENTIFIER
control field CaPaEBR
006 - FIXED-LENGTH DATA ELEMENTS--ADDITIONAL MATERIAL CHARACTERISTICS--GENERAL INFORMATION
fixed length control field m u
007 - PHYSICAL DESCRIPTION FIXED FIELD--GENERAL INFORMATION
fixed length control field cr cn|||||||||
008 - FIXED-LENGTH DATA ELEMENTS--GENERAL INFORMATION
fixed length control field 020826s2002 ne sb 001 0 eng d
020 ## - INTERNATIONAL STANDARD BOOK NUMBER
Cancelled/invalid ISBN 1588113302 (alk. paper)
040 ## - CATALOGING SOURCE
Original cataloging agency CaPaEBR
Transcribing agency CaPaEBR
035 ## - SYSTEM CONTROL NUMBER
System control number (OCoLC)614720921
050 14 - LIBRARY OF CONGRESS CALL NUMBER
Classification number P291.3
Item number .I58 2002eb
082 04 - DEWEY DECIMAL CLASSIFICATION NUMBER
Classification number 415
Edition number 21
245 04 - TITLE STATEMENT
Title The Interfaces
Medium [electronic resource] :
Remainder of title deriving and interpreting omitted structures /
Statement of responsibility, etc edited by Kerstin Schwabe, Susanne Winkler.
260 ## - PUBLICATION, DISTRIBUTION, ETC. (IMPRINT)
Place of publication, distribution, etc Amsterdam ;
-- Philadelphia :
Name of publisher, distributor, etc J. Benjamins Pub.Co.,
Date of publication, distribution, etc 2002.
300 ## - PHYSICAL DESCRIPTION
Extent vi, 399 p.
490 1# - SERIES STATEMENT
Series statement Linguistik aktuell =
-- Linguistics today,
International Standard Serial Number 0166-0829 ;
Volume number/sequential designation 61
504 ## - BIBLIOGRAPHY, ETC. NOTE
Bibliography, etc Includes bibliographical references and indexes.
533 ## - REPRODUCTION NOTE
Type of reproduction Electronic reproduction.
Place of reproduction Palo Alto, Calif. :
Agency responsible for reproduction ebrary,
Date of reproduction 2009.
Note about reproduction Available via World Wide Web.
-- Access may be limited to ebrary affiliated libraries.
650 #0 - SUBJECT ADDED ENTRY--TOPICAL TERM
Topical term or geographic name as entry element Grammar, Comparative and general
General subdivision Ellipsis.
Topical term or geographic name as entry element Grammar, Comparative and general
General subdivision Syntax.
Topical term or geographic name as entry element Semantics.
655 #7 - INDEX TERM--GENRE/FORM
Genre/form data or focus term Electronic books.
Source of term local
700 1# - ADDED ENTRY--PERSONAL NAME
Personal name Schwabe, Kerstin.
Personal name Winkler, Susanne,
Dates associated with a name 1960-
710 2# - ADDED ENTRY--CORPORATE NAME
Corporate name or jurisdiction name as entry element ebrary, Inc.
830 #0 - SERIES ADDED ENTRY--UNIFORM TITLE
Uniform title Linguistik aktuell ;
Volume number/sequential designation Bd. 61.
856 40 - ELECTRONIC LOCATION AND ACCESS
Uniform Resource Identifier <a href="http://site.ebrary.com/lib/rucke/Doc?id=10023474">http://site.ebrary.com/lib/rucke/Doc?id=10023474</a>
Public note An electronic book accessible through the World Wide Web; click to view

No items available.

© 2026 Rongo University
Contact us: librarian | system librarian | Rongo university